| 000 | 01269cam a22003374a 4500 | ||
|---|---|---|---|
| 999 |
_c1908 _d1908 |
||
| 001 | 13711883 | ||
| 003 | GZU | ||
| 005 | 20201023103826.0 | ||
| 008 | 040907s2006 nyua 001 0 eng | ||
| 010 | _a 2004057815 | ||
| 020 | _a9780071244756 | ||
| 040 |
_aDLC _cDLC _dDLC |
||
| 042 | _apcc | ||
| 043 | _an-us--- | ||
| 050 | 0 | 0 |
_aHG181 _b.S33 2006 |
| 082 | 0 | 0 |
_a332.1/068 _222 |
| 100 | 1 |
_aSaunders, Anthony, _d2006 _eAuthor |
|
| 245 | 1 | 0 |
_aFinancial institutions management : _ba risk management approach / _cAnthony Saunders, Marcia Millon Cornett. |
| 250 | _a5th ed. | ||
| 260 |
_aNew York : _bMcGraw-Hill/Irwin, _cc2006. |
||
| 300 |
_axxiv, 856 p. : _bill. ; _c27 cm. |
||
| 440 | 4 | _aThe McGraw-Hill/Irwin series in finance, insurance, and real estate | |
| 500 | _aIncludes index. | ||
| 650 | 0 |
_aFinancial institutions _zUnited States _xManagement. |
|
| 650 | 0 |
_aRisk management _zUnited States. |
|
| 650 | 0 |
_aFinancial services industry _zUnited States _xManagement. |
|
| 700 | 1 | _aCornett, Marcia Millon | |
| 906 |
_a7 _bcbc _corignew _d1 _eocip _f20 _gy-gencatlg |
||
| 942 |
_2lcc _cBK _e5th _h181 _iSAU _kHG |
||